TV Characters Multiple Choice Quiz Stats

 Plays Quiz not verified by Sporcle

Challenge
Share
Tweet
Embed
Score 0/24 Timer 06:00
0 Plays Today
Question Answer Wrong Answers
Chandler Bing Friends
91.9%
Grey's Anatomy
1.2%
Game of Thrones
1%
Lost
0.9%
Jon Snow Game of Thrones
83.4%
Friends
1.8%
Grey's Anatomy
2.7%
Lost
6.1%
Talisa Stark Game of Thrones
81.2%
Friends
1.9%
Grey's Anatomy
4.6%
Lost
5.7%
Addison Montgomery Grey's Anatomy
79.1%
Friends
3.9%
Game of Thrones
2.9%
Lost
7.6%
Gunther Friends
77.3%
Grey's Anatomy
3.6%
Game of Thrones
6.3%
Lost
7%
Arizona Robbins Grey's Anatomy
71.8%
Friends
4.1%
Game of Thrones
3.9%
Lost
13.2%
Ellaria Sand Game of Thrones
71.6%
Friends
3%
Grey's Anatomy
8%
Lost
10.5%
John Locke Lost
70.9%
Friends
2.8%
Grey's Anatomy
7.2%
Game of Thrones
12.7%
Preston Burke Grey's Anatomy
70.8%
Friends
7.4%
Game of Thrones
3%
Lost
12.2%
Amelia Shepherd Grey's Anatomy
69.1%
Friends
3.2%
Game of Thrones
2.9%
Lost
18.3%
Alex Karev Grey's Anatomy
68.7%
Friends
3.8%
Game of Thrones
6.4%
Lost
14.7%
Mr. Eko Lost
65.2%
Friends
10%
Grey's Anatomy
10.1%
Game of Thrones
7.7%
Ramsay Bolton Game of Thrones
64.4%
Friends
3.6%
Grey's Anatomy
10.8%
Lost
14.4%
Teddy Altman Grey's Anatomy
62.5%
Friends
11.1%
Game of Thrones
3.2%
Lost
16.2%
Boone Carlyle Lost
62.2%
Friends
4.9%
Grey's Anatomy
14.3%
Game of Thrones
11.6%
Phoebe Abbott Friends
57.4%
Grey's Anatomy
17.3%
Game of Thrones
5.2%
Lost
14.1%
Gilly Game of Thrones
53.7%
Friends
8.2%
Grey's Anatomy
9.7%
Lost
21.5%
Tag Jones Friends
52.8%
Grey's Anatomy
16.1%
Game of Thrones
6.8%
Lost
17.5%
Alex Rousseau Lost
52.8%
Friends
8.4%
Grey's Anatomy
25.4%
Game of Thrones
6.2%
Mr. Treeger Friends
52.5%
Grey's Anatomy
13%
Game of Thrones
6.6%
Lost
21.3%
Pierre Chang Lost
47.1%
Friends
10.2%
Grey's Anatomy
28%
Game of Thrones
7.6%
Bowen Marsh Game of Thrones
42.5%
Friends
5.4%
Grey's Anatomy
19.4%
Lost
25.5%
Janine LaCroix Friends
38.3%
Grey's Anatomy
19.9%
Game of Thrones
11.5%
Lost
23.8%
Dogen Lost
23.4%
Friends
5%
Grey's Anatomy
7.8%
Game of Thrones
56.7%

You're not logged in!

Compare scores with friends on all Sporcle quizzes.
Join for Free
OR
Log In

You Might Also Like...

Show Comments

Extras

Top Quizzes Today


Score Distribution

Your Account Isn't Verified!

In order to create a playlist on Sporcle, you need to verify the email address you used during registration. Go to your Sporcle Settings to finish the process.

Report this User

Report this user for behavior that violates our Community Guidelines.

Details: